[Event "Saarland-ch B 89th"]
[Site "Stennweiler"]
[Date "2014.04.18"]
[Round "8"]
[White "Hoerner, Marvin"]
[Black "Lauer, Lars"]
[Result "1-0"]
[WhiteElo "1181"]
[BlackElo "995"]
[PlyCount "69"]
[EventDate "2014.04.11"]
[EventType "swiss"]
[EventRounds "9"]
[EventCountry "GER"]
[SourceTitle "EXT 2016"]
[Source "ChessBase"]
[SourceDate "2015.10.08"]
[SourceVersion "1"]
[SourceVersionDate "2015.10.08"]
[SourceQuality "1"]

1. d4 d5 2. Nf3 Bf5 3. Bf4 Nf6 4. e3 e6 5. c4 c6 6. Nc3 Bd6 7. Bxd6 Qxd6 8. c5 Qc7 9. b4 0-0 10. Bd3 Nbd7 11. 0-0 Bxd3 12. Qxd3 e5 13. Nd2 e4 14. Qe2 Rfe8 15. a4 Rab8 16. b5 Ra8 17. a5 a6 18. bxc6 bxc6 19. Rfb1 Reb8 20. Rxb8+ Qxb8 21. Na4 Qc7 22. Nb6 Ra7 23. f3 exf3 24. Qxf3 h6 25. g3 Kh7 26. e4 dxe4 27. Nxe4 Nxe4 28. Qxe4+ Kg8 29. Rb1 Nf6 30. Qf5 Qd8 31. Qc8 Qxc8 32. Nxc8 Rd7 33. Nd6 Ne4 34. Nxe4 Rxd4 35. Nd6 1-0

[Event "Saarland-ch B 89th"]
[Site "Stennweiler"]
[Date "2014.04.16"]
[Round "6"]
[White "Hoerner, Marvin"]
[Black "Ewerhardy, Moritz"]
[Result "1-0"]
[WhiteElo "1181"]
[BlackElo "1244"]
[PlyCount "79"]
[EventDate "2014.04.11"]
[EventType "swiss"]
[EventRounds "9"]
[EventCountry "GER"]
[SourceTitle "EXT 2016"]
[Source "ChessBase"]
[SourceDate "2015.10.08"]
[SourceVersion "1"]
[SourceVersionDate "2015.10.08"]
[SourceQuality "1"]

1. d4 f5 2. Nf3 Nf6 3. c4 e6 4. Bf4 Be7 5. e3 0-0 6. Bd3 d6 7. Bg5 Nbd7 8. 0-0 c5 9. Nc3 Nb6 10. Re1 a6 11. b3 Bd7 12. dxc5 dxc5 13. e4 fxe4 14. Nxe4 Nxe4 15. Bxe7 Qxe7 16. Bxe4 Bc8 17. a4 Nd7 18. Qd2 Nf6 19. Bc2 b6 20. Ng5 h6 21. Nf3 Bb7 22. Qc3 Ng4 23. Be4 Bxe4 24. Rxe4 Nf6 25. Re5 Ng4 26. Re2 Nf6 27. Rae1 Rfe8 28. Qe5 Kf7 29. Nh4 Ra7 30. f4 Ng4 31. Qh5+ Kg8 32. Qxg4 Qf6 33. Rxe6 Rxe6 34. Qxe6+ Qxe6 35. Rxe6 Rb7 36. Nf3 Kf7 37. f5 a5 38. Ne5+ Kf8 39. Kf2 Re7 40. Ng6+ 1-0

[Event "Saarland-ch B 89th"]
[Site "Stennweiler"]
[Date "2014.04.12"]
[Round "2"]
[White "Hoerner, Marvin"]
[Black "Meiser, Yorick"]
[Result "0-1"]
[WhiteElo "1181"]
[BlackElo "1313"]
[PlyCount "92"]
[EventDate "2014.04.11"]
[EventType "swiss"]
[EventRounds "9"]
[EventCountry "GER"]
[SourceTitle "EXT 2016"]
[Source "ChessBase"]
[SourceDate "2015.10.08"]
[SourceVersion "1"]
[SourceVersionDate "2015.10.08"]
[SourceQuality "1"]

1. d4 d5 2. Nf3 Nf6 3. Bf4 Nc6 4. c3 Bg4 5. Nbd2 e6 6. Qa4 Nd7 7. e3 a6 8. Bd3 Be7 9. Qc2 h6 10. e4 f6 11. exd5 exd5 12. Qb3 Nb6 13. a4 Na5 14. Qc2 0-0 15. Bh7+ Kh8 16. Bf5 Bxf5 17. Qxf5 c6 18. Nh4 Kg8 19. Bxh6 Re8 20. Be3 Nbc4 21. Qe6+ Kh8 22. Nxc4 Nxc4 23. Qf7 Bf8 24. Ng6+ Kh7 25. Nxf8+ Rxf8 26. Qxb7 Na5 27. Qb4 Rb8 28. Qa3 Nc4 29. Qc5 Na5 30. b4 Nb3 31. Qxc6 Rb6 32. Qxb6 Qxb6 33. Rb1 Na5 34. 0-0 Nc4 35. Rfe1 Re8 36. Bf4 Qc6 37. b5 axb5 38. Rxe8 Qxe8 39. axb5 Na3 40. Rc1 Qxb5 41. h3 Nc4 42. g4 Qe8 43. Kg2 Qe4+ 44. Kg3 g5 45. Be3 Nxe3 46. fxe3 Qxe3+ 0-1